000 00613nam a22002057a 4500
005 20140903154503.0
010 _aENG-110710
020 _a9788120350236
_c250.00
035 _aEN-94242
037 _bDBAD/PUB
082 _a610.284
100 _aMandeep Singh
245 _aIntroduction to biomedical instrumentation /
_cby Mandeep Singh
250 _a2nd ed
260 _aDelhi
_bPHI Learning
_c2014
270 _aRimjhim House, 111, Patparganj Industrial Estate
_bDelhi
_e110092
300 _axiv,230p. :
_c24cm(pbk)
_bill.
500 _aIncludes index
942 _2ddc
_cEN
_mMAN
_h610.284
999 _c88255
_d88255